Départements français classés par vote pour la gauche - Statistiques

Statistiques générales
  • Ce quiz a été pris 31 fois
  • Le résultat moyen est 40 sur 96
Réponses sur la Carte
Les réponses sont colorées sur une échelle allant du rouge au vert en fonction du pourcentage des utilisateurs qui les ont devinées à leur premier essai. Vous pouvez retrouver ces pourcentages ci-dessous.
 
Statistiques - réponses
Nom du département % Correct
57.05 % Seine-Saint-Denis
100%
43.09 % Val-de-Marne
94%
42.31 % Paris
84%
37.90 % Essonne
77%
41.21 % Val-d'Oise
77%
37.67 % Haute-Garonne
68%
37.05 % Ariège
65%
35.41 % Rhône
61%
33.07 % Gironde
58%
33.61 % Haute-Vienne
58%
33.84 % Hérault
58%
35.34 % Ille-et-Vilaine
58%
34.16 % Isère
58%
36.99 % Loire-Atlantique
58%
31.91 % Nord
58%
32.28 % Bouches-du-Rhône
55%
32.74 % Côtes-d'Armor
55%
32.83 % Drôme
55%
34.65 % Finistère
55%
35.69 % Hauts-de-Seine
55%
35.15 % Lot
55%
33.06 % Puy-de-Dôme
55%
34.26 % Seine-et-Marne
55%
32.66 % Ardèche
52%
31.37 % Corrèze
52%
34.03 % Hautes-Alpes
52%
31.58 % Indre-et-Loire
52%
30.06 % Loire
52%
31.38 % Seine-Maritime
52%
31.00 % Tarn
52%
32.12 % Yvelines
52%
29.95 % Calvados
48%
31.12 % Creuse
48%
30.95 % Dordogne
48%
30.26 % Hautes-Pyrénées
48%
30.41 % Pyrénées-Atlantiques
48%
31.87 % Savoie
48%
32.32 % Vienne
48%
32.36 % Alpes-de-Haute-Provence
45%
29.96 % Doubs
45%
30.68 % Gard
45%
30.64 % Meurthe-et-Moselle
45%
29.61 % Morbihan
45%
29.62 % Aude
42%
29.75 % Charente
42%
28.99 % Gers
42%
29.93 % Jura
42%
30.29 % Territoire de Belfort
42%
29.67 % Aveyron
39%
29.77 % Deux-Sèvres
39%
28.46 % Loiret
39%
29.66 % Lozère
39%
29.11 % Vaucluse
39%
28.73 % Charente-Maritime
35%
29.44 % Haute-Savoie
35%
28.49 % Landes
35%
29.72 % Maine-et-Loire
35%
28.25 % Nièvre
35%
28.22 % Tarn-et-Garonne
35%
22.10 % Var
35%
27.57 % Allier
32%
27.20 % Bas-Rhin
32%
27.42 % Cher
32%
29.08 % Côte-d'Or
32%
22.36 % Haute-Corse
32%
27.35 % Indre
32%
28.53 % Sarthe
32%
21.61 % Corse-du-Sud
29%
26.04 % Eure
29%
27.36 % Lot-et-Garonne
29%
24.43 % Pas-de-Calais
29%
27.92 % Pyrénées-Orientales
29%
26.79 % Eure-et-Loir
26%
27.44 % Haute-Loire
26%
25.93 % Haut-Rhin
26%
26.50 % Loir-et-Cher
26%
27.07 % Manche
26%
25.73 % Mayenne
26%
27.32 % Moselle
26%
27.31 % Oise
26%
26.75 % Ain
23%
23.08 % Aisne
23%
24.09 % Alpes-Maritimes
23%
21.73 % Haute-Marne
23%
24.51 % Haute-Saône
23%
24.29 % Orne
23%
27.03 % Saône-et-Loire
23%
25.60 % Somme
23%
24.90 % Vosges
23%
26.35 % Yonne
23%
24.40 % Ardennes
19%
22.71 % Aube
19%
24.06 % Cantal
19%
23.70 % Marne
19%
22.05 % Meuse
19%
24.29 % Vendée
19%
Aucun quiz correspondant
Distribution des résultats
% des personnes avec chaque résultat
Percentile par nombre de réponses
Votre historique - résultats
Vous n’avez pas pris ce quiz